Advanced accounts (Record no. 3791)

000 -LEADER
fixed length control field 00583nam a22002291 4500
001 - CONTROL NUMBER
control field 3791
003 - CONTROL NUMBER IDENTIFIER
control field BD-DhUET
008 - FIXED-LENGTH DATA ELEMENTS--GENERAL INFORMATION
fixed length control field 740123s1966 ii k 000 0 eng
020 ## - INTERNATIONAL STANDARD BOOK NUMBER
International Standard Book Number 8121902789
040 ## - CATALOGING SOURCE
Original cataloging agency DLC
Transcribing agency DLC
Modifying agency BD-DhUET
082 00 - DEWEY DECIMAL CLASSIFICATION NUMBER
Classification number 657
Item number SHU/1999
100 1# - MAIN ENTRY--PERSONAL NAME
Personal name Shukla, M. C.
245 10 - TITLE STATEMENT
Title Advanced accounts
Statement of responsibility, etc. by M. C. Shukla and T. S. Grewal
250 ## - EDITION STATEMENT
Edition statement 14th ed.
260 ## - PUBLICATION, DISTRIBUTION, ETC. (IMPRINT)
Place of publication, distribution, etc. New Delhi
Name of publisher, distributor, etc. S, chand
Date of publication, distribution, etc. 1999
300 ## - PHYSICAL DESCRIPTION
Extent v.p.
Other physical details ill.
Dimensions 25 cm.
504 ## - BIBLIOGRAPHY, ETC. NOTE
Bibliography, etc Includes bibliographies
650 #0 - SUBJECT ADDED ENTRY--TOPICAL TERM
Topical term or geographic name as entry element Accounting
700 ## - ADDED ENTRY--PERSONAL NAME
Personal name Grewal, T. S.
700 ## - ADDED ENTRY--PERSONAL NAME
Personal name Gupta, S. C.
942 ## - ADDED ENTRY ELEMENTS (KOHA)
Koha item type General Book
Holdings
Lost status Koha full call number Date acquired Koha item type Sublocation or collection (holding branch) Price effective from Shelving location Withdrawn status Piece designation (barcode) Location (home branch) Koha date last seen Copy number Not for loan Koha normalized classification for sorting Source of classification or shelving scheme Damaged status
 657/SHU/19992014-11-05General BookCentral Library, BUET2014-11-05Circulation section 93656Central Library, BUET2014-11-051 657SHU1999  
 657/SHU/19992014-11-05General BookCentral Library, BUET2014-11-05Circulation section 93657Central Library, BUET2014-11-052 657SHU1999  
 657/SHU/19992014-11-05General BookCentral Library, BUET2014-11-05Circulation section 93658Central Library, BUET2014-11-053 657SHU1999  
 657/SHU/19992014-11-05General BookCentral Library, BUET2014-11-05Circulation section 93659Central Library, BUET2014-11-054 657SHU1999  
 657/SHU/19992014-11-05General BookCentral Library, BUET2014-11-05Circulation section 93660Central Library, BUET2014-11-055 657SHU1999  
 657/SHU/19992014-11-05General BookCentral Library, BUET2014-11-05Circulation section 93661Central Library, BUET2014-11-056 657_000000000000000_SHU_1999  
 657/SHU/19992014-11-05General BookCentral Library, BUET2014-11-05Circulation section 93662Central Library, BUET2014-11-057 657SHU1999  
 657/SHU/19992014-11-05General BookCentral Library, BUET2014-11-05Circulation section 93655Central Library, BUET2014-11-058 657_000000000000000_SHU_1999  
 657/SHU/19992015-06-20Reading ItemCentral Library, BUET2015-06-20Reading section 93654Central Library, BUET2015-06-209 657_000000000000000_SHU_1999  
 657/SHU/19992015-06-20Reading ItemCentral Library, BUET2015-06-20Reading section 93653Central Library, BUET2015-06-2010 657_000000000000000_SHU_1999